| 000 | 00618nam a22002177a 4500 | ||
|---|---|---|---|
| 999 |
_c3619 _d3619 |
||
| 003 | AR-CdUCM | ||
| 008 | 190306b ||||| |||| 00| 0 spa d | ||
| 040 |
_aMUNICIPALIDAD PROVINCIAL DEL CUSCO _cBIBLIOTECA MUNICIPAL DEL CUSCO |
||
| 082 |
_a869.26 / _bB74 |
||
| 100 |
_aBorges, Jorge Luis _92792 |
||
| 245 | _aEvaristo Carriego / | ||
| 260 |
_aBuenos Aires : _bEmecé, _c1955. |
||
| 300 |
_a175 paginas, _c19 cm. |
||
| 505 | _anovela. | ||
| 650 |
_aPoetas argentinos _911817 |
||
| 650 |
_aSiglo XIX _9971 |
||
| 650 |
_aBiografĂa _922 |
||
| 650 |
_aensayos argentinos _911818 |
||
| 942 |
_2ddc _cLIBROS |
||
| 945 | _aacv | ||